Organičeskaja chimija. Tom 2 : Perevod s angl /

Saved in:
Bibliographic Details
Main Author: March, Jerry (Author)
Format: Book
Published: Moskva : Mir, 1987
Tags: Add Tag
No Tags, Be the first to tag this record!

MARC

LEADER 00000nam a22000003a 4500
001 stu15687
005 20150617225757.1
008 ------s1987----xxr---------------------d
040 |a STU  |b slo 
041 0
044 |a xxr 
080 |a 547.1 
100 1 |a March, Jerry  |4 aut 
245 1 |a Organičeskaja chimija. Tom 2 :  |b Perevod s angl /  |c [aut.]March,Jerry 
260 |a Moskva :  |b Mir,  |c 1987 
300 |a 504 s :  |b Literatúra 
996 |b C81164  |c C*81164  |l CCIV  |s P  |a 0  |w stu15687_0001 
996 |b C81165  |c C*81165  |l CCIV  |s P  |a 0  |w stu15687_0002 
996 |b C80910  |c C*80910  |l CCXXVI  |s P  |a 0  |w stu15687_0003